Catálogo de la Biblioteca Horacio González - Universidad Nacional de General Sarmiento

La palabra empeñada (Registro nro. 53899)

Detalles MARC
000 -CABECERA
campo de control de longitud fija 03089ngm a22004570a 4500
001 - NÚMERO DE CONTROL
campo de control PT46529
003 - IDENTIFICADOR DEL NÚMERO DE CONTROL
campo de control AR-LpoUNG
005 - FECHA Y HORA DE LA ÚLTIMA TRANSACCIÓN
campo de control 20210201235955.0
007 - CAMPO FIJO DE DESCRIPCIÓN FÍSICA--INFORMACIÓN GENERAL
campo de control de longitud fija vd cvaizq
008 - DATOS DE LONGITUD FIJA--INFORMACIÓN GENERAL
campo de control de longitud fija 191001s2011||||ag |||||||||||||||||spa d
037 ## - FUENTE DE ADQUISICIÓN
Condiciones de disponibilidad $7.50
040 ## - FUENTE DE LA CATALOGACIÓN
Centro catalogador/agencia de origen AR-LpoUNG
Lengua de catalogación spa
Centro/agencia transcriptor AR-LpoUNG
Normas de descripción aacr
041 ## - CÓDIGO DE LENGUA
Código de lengua del texto/banda sonora o título independiente spa
044 ## - CÓDIGO DEL PAÍS DE LA ENTIDAD EDITORA/PRODUCTORA
Código MARC del país ag
082 0# - NÚMERO DE LA CLASIFICACIÓN DECIMAL DEWEY
Número de clasificación 972.910 64 934pal
100 1# - ENTRADA PRINCIPAL--NOMBRE DE PERSONA
Nombre de persona Ruiz, Juan Pablo
Término indicativo de función/relación dir.
245 13 - MENCIÓN DE TÍTULO
Título La palabra empeñada
260 ## - PUBLICACIÓN, DISTRIBUCIÓN, ETC.
Lugar de publicación, distribución, etc. Buenos Aires :
Nombre del editor, distribuidor, etc. Cine Ojo - Solo Cine,
Fecha de publicación, distribución, etc. 2011.
300 ## - DESCRIPCIÓN FÍSICA
Extensión DVD (87 min.) : son., col.
505 0# - NOTA DE CONTENIDO CON FORMATO
Nota de contenido con formato Guión: Juan Pablo Ruiz y Martín Masetti. Fotografía y cámara: Juan Pablo Ruiz. Sonido directo: Juan Pablo Ruiz y Diego Kartaszewicz. Intèrpretes: Gabriel García Márquez, Ciro Bustos, Abelardo Colome Ibarra (Furry), Alejandro Doria, Osvaldo Bayer, Rogelio García Lupo, Conchita Dumois, Alberto Castellanos, Papito Serguera, Ulises Estrada, Juan Carretero, Oscar Fernández Mell, Orlando Borrego, Juan Marrero, Gabriel Jimenez, José Bodes, Hector Jouve, Miguel Tirantti, Ricardo Horvath, Alberto Spunberg, Ariel Maudet, Octavo del Valle, Belisario López. Subtítulos en inglés y español. Incluye extras de fotos, documentos, escenas no incluídas, biofilmografía, comentarios de los directores y biografía de los entrevistados.
520 ## - SUMARIO, ETC.
Sumario, etc. "La Palabra Empeñada" constituye un apasionante y revelador testimonio sobre los últimos años de vida del periodista internacionalista Jorge Ricardo Masetti. Nacido en 1929 en Avellaneda, fue el único periodista argentino que cubrió la guerra de liberación de Cuba, en la que realizó unas entrevistas memorables a Fidel Castro y El Che Guevara en la Sierra Maestra. Luego fundó y dirigió en Cuba la agencia de noticias Prensa Latina -proyecto de resistencia frente a los monopolios de la información del que participaron, entre otros, Gabriel García Márquez, Rodolfo Walsh y Rogelio García Lupo-, y no mucho después, "sacrificó al periodista" para volcarse a la intervención directa en la lucha armada, colaborando primero en la guerra de liberación de Argelia y luego quedando al frente de la avanzada del Che Guevara en la argentina bajo el alias "Comandante Segundo". Apoyado en material de archivo y abundantes testimonios (de Gabriel García Márquez, de Alejandro Doria, o de Ciro Bustos entre muchos otros), " La Palabra Empeñada " hilvana una biografía posible de este hombre que vivió varias vidas antes de desaparecer en la selva de Salta en 1964, honrando hasta el último momento, "su palabra empeñada con el Che: hacer la revolución".
650 #4 - PUNTO DE ACCESO ADICIONAL DE MATERIA--TÉRMINO DE MATERIA
Término de materia o nombre geográfico como elemento de entrada AMERICA LATINA
650 #4 - PUNTO DE ACCESO ADICIONAL DE MATERIA--TÉRMINO DE MATERIA
Término de materia o nombre geográfico como elemento de entrada ARGENTINA
650 #4 - PUNTO DE ACCESO ADICIONAL DE MATERIA--TÉRMINO DE MATERIA
Término de materia o nombre geográfico como elemento de entrada BIOGRAFIAS
650 #4 - PUNTO DE ACCESO ADICIONAL DE MATERIA--TÉRMINO DE MATERIA
Término de materia o nombre geográfico como elemento de entrada CUBA
650 #4 - PUNTO DE ACCESO ADICIONAL DE MATERIA--TÉRMINO DE MATERIA
Término de materia o nombre geográfico como elemento de entrada ENTREVISTAS
650 #4 - PUNTO DE ACCESO ADICIONAL DE MATERIA--TÉRMINO DE MATERIA
Término de materia o nombre geográfico como elemento de entrada GUERRILLEROS
650 #4 - PUNTO DE ACCESO ADICIONAL DE MATERIA--TÉRMINO DE MATERIA
Término de materia o nombre geográfico como elemento de entrada PERIODISMO
650 #4 - PUNTO DE ACCESO ADICIONAL DE MATERIA--TÉRMINO DE MATERIA
Término de materia o nombre geográfico como elemento de entrada PERIODISTAS
650 #4 - PUNTO DE ACCESO ADICIONAL DE MATERIA--TÉRMINO DE MATERIA
Término de materia o nombre geográfico como elemento de entrada REVOLUCION
650 #4 - PUNTO DE ACCESO ADICIONAL DE MATERIA--TÉRMINO DE MATERIA
Término de materia o nombre geográfico como elemento de entrada SERVICIOS DE PRENSA
651 #4 - PUNTO DE ACCESO ADICIONAL DE MATERIA--NOMBRE GEOGRÁFICO
Nombre geográfico Argentina
653 ## - TÉRMINO DE INDIZACIÓN--NO CONTROLADO
Término no controlado CINE ARGENTINO
653 ## - TÉRMINO DE INDIZACIÓN--NO CONTROLADO
Término no controlado DOCUMENTALES
653 ## - TÉRMINO DE INDIZACIÓN--NO CONTROLADO
Término no controlado DVD
653 ## - TÉRMINO DE INDIZACIÓN--NO CONTROLADO
Término no controlado LUCHA ARMADA
653 ## - TÉRMINO DE INDIZACIÓN--NO CONTROLADO
Término no controlado VIDEOS
700 1# - PUNTO DE ACCESO ADICIONAL--NOMBRE DE PERSONA
Nombre de persona Masetti, Martín
Término indicativo de función/relación dir.
905 ## - ELEMENTOS DE DATOS E LOCAL, LDE (RLIN)
a 46529
942 ## - ELEMENTOS DE PUNTO DE ACCESO ADICIONAL (KOHA)
Tipo de ítem Koha DVD
Existencias
Estado de retiro Estado de pérdida Estado dañado No para préstamo Código de colección Localización permanente Ubicación/localización actual Fecha de adquisición Total de préstamos Signatura topográfica completa Código de barras Fecha visto por última vez Precio válido a partir de Tipo de ítem Koha
        Colección Cine Biblioteca Universidad Nacional de General Sarmiento Biblioteca Universidad Nacional de General Sarmiento 01/02/2021   972.910 64 934pal 00054009 01/02/2021 01/02/2021 DVD
        Colección Cine Biblioteca Universidad Nacional de General Sarmiento Biblioteca Universidad Nacional de General Sarmiento 01/02/2021   972.910 64 934pal 00054010 01/02/2021 01/02/2021 DVD
        Colección Cine Biblioteca Universidad Nacional de General Sarmiento Biblioteca Universidad Nacional de General Sarmiento 01/02/2021   972.910 64 934pal 00054011 01/02/2021 01/02/2021 DVD